<?xml version="1.0" encoding="UTF-8"?>
<record
    xmlns:xsi="http://www.w3.org/2001/XMLSchema-instance"
    xsi:schemaLocation="http://www.loc.gov/MARC21/slim http://www.loc.gov/standards/marcxml/schema/MARC21slim.xsd"
    xmlns="http://www.loc.gov/MARC21/slim">

  <leader>02062    a2200253   4500</leader>
  <controlfield tag="001">32511</controlfield>
  <controlfield tag="005">20260407155623.0</controlfield>
  <controlfield tag="008">260407a1998    arg                 spa d</controlfield>
  <controlfield tag="003">AR-UNSa-BCEJYS</controlfield>
  <datafield tag="040" ind1=" " ind2=" ">
    <subfield code="a">AR-UNSa-BCEJYS</subfield>
    <subfield code="b">spa</subfield>
    <subfield code="c">AR-UNSa-BCEJYS</subfield>
  </datafield>
  <datafield tag="080" ind1=" " ind2=" ">
    <subfield code="a">658</subfield>
    <subfield code="x">Administraci&#xF3;n de empresas. Organizaci&#xF3;n comercial</subfield>
  </datafield>
  <datafield tag="245" ind1="1" ind2="0">
    <subfield code="a">Administraci&#xF3;n</subfield>
    <subfield code="p">una perpectiva global</subfield>
  </datafield>
  <datafield tag="250" ind1=" " ind2=" ">
    <subfield code="a">11a. ed</subfield>
  </datafield>
  <datafield tag="264" ind1=" " ind2="1">
    <subfield code="a">M&#xE9;xico :</subfield>
    <subfield code="b">Libros McGraw-Hill</subfield>
    <subfield code="c">1998</subfield>
  </datafield>
  <datafield tag="300" ind1=" " ind2=" ">
    <subfield code="a">796 p.</subfield>
    <subfield code="c">23 cm.</subfield>
  </datafield>
  <datafield tag="505" ind1=" " ind2=" ">
    <subfield code="a">I. El fundamento de la teor&#xED;a y la pr&#xE1;ctica de la administraci&#xF3;n global: 1. Administraci&#xF3;n. ciencia, teor&#xED;a y pr&#xE1;ctica - 2. Administraci&#xF3;n y sociedad: ambiente extrno, responsabilidad social y &#xE9;tica - 3. Administraci&#xF3;n global, comparada y de calidad - II. Planeaci&#xF3;n: 4. Naturaleza de la planeaci&#xF3;n y de los objetos - 5. Estrategias, pol&#xED;ticas y premisas de planeaci&#xF3;n - 6. Toma de decisiones - III. Organizaci&#xF3;n: 7 Naturaleza de la organizaci&#xF3;n , el esp&#xED;ritu empresarial y la reingenier&#xED;a - 8. Estructura organizacional: departamentalizaci&#xF3;n - 9. Autoridad de linea/staff, empowerment y descentralizaci&#xF3;n - 10. Organizaci&#xF3;n eficaz y cultura organizacional - IV: 11. Administraci&#xF3;n y selecci&#xF3;n de recursos humanos - 12. Evaluaci&#xF3;n del desempe&#xF1;o y estrategia de desarrollo profesional - 13. Administraci&#xF3;n del cambio mediante el desarrollo de los administradores y de la organizci&#xF3;n - V: Direcci&#xF3;n: 14. Factores  humanos y motivaci&#xF3;n - 15. Liderazgo - 16. Comit&#xE9;s, equipo y toma grupal de decisiones - 17. Comunicaci&#xF3;n - VI: Control: 18. Sistema y proceso de control - 19. T&#xE9;cnicas de control y tecnolog&#xED;a de la informaci&#xF3;n - 20. Productividad, administraci&#xF3;n de operaciones y administraci&#xF3;n de calidad total - 21. Control general y orientaci&#xF3;n hacia el futuro por mdio del control preventivo.</subfield>
  </datafield>
  <datafield tag="942" ind1=" " ind2=" ">
    <subfield code="c">BK</subfield>
  </datafield>
  <datafield tag="590" ind1=" " ind2=" ">
    <subfield code="a">niveau_biblio:m niveau_hierar:0</subfield>
  </datafield>
  <datafield tag="100" ind1="1" ind2=" ">
    <subfield code="a">Koontz, Harold</subfield>
  </datafield>
  <datafield tag="700" ind1="1" ind2=" ">
    <subfield code="a">Weihrich, Heinz</subfield>
  </datafield>
  <datafield tag="700" ind1="1" ind2=" ">
    <subfield code="a">Mercado Gonz&#xE1;lez, Enrique</subfield>
  </datafield>
  <datafield tag="700" ind1="1" ind2=" ">
    <subfield code="a">R&#xED;os Salay, Jorge</subfield>
  </datafield>
  <datafield tag="700" ind1="1" ind2=" ">
    <subfield code="a">Palafox de Anda, Gustavo</subfield>
  </datafield>
  <datafield tag="999" ind1=" " ind2=" ">
    <subfield code="c">2290</subfield>
    <subfield code="d">2290</subfield>
  </datafield>
  <datafield tag="952" ind1=" " ind2=" ">
    <subfield code="0">0</subfield>
    <subfield code="1">0</subfield>
    <subfield code="4">0</subfield>
    <subfield code="7">0</subfield>
    <subfield code="a">BCEJYS</subfield>
    <subfield code="b">BCEJYS</subfield>
    <subfield code="c">16</subfield>
    <subfield code="d">2026-04-07</subfield>
    <subfield code="l">0</subfield>
    <subfield code="o">658 K75 11ed.</subfield>
    <subfield code="p">L22517</subfield>
    <subfield code="r">2026-04-07 15:56:23</subfield>
    <subfield code="w">2026-04-07</subfield>
    <subfield code="y">L</subfield>
  </datafield>
</record>
